• 首页
  • 本馆介绍
  • 公告通知
  • 最新文献
  • 馆藏检索
  • 电子资源
  • 读者导购
  • 参考咨询
  • 我的图书馆
  • 登录
  • 详细信息显示
  • 放入我的书架
  • 预约/预借图书
  • 作者相关作品
  • 分类相关作品
  • 丛书相关作品
  • 出版社相关作品

书目信息

  • 表格格式
  • 工作单格式
  • 卡片格式
题名:
复杂性管窥
    
 
作者: 苗东升 著
分册:  
出版信息: 北京   中国书籍出版社  2020
页数: 330页
开本: 24cm
丛书名: 中国书籍学术之光文库
单 册:
中图分类: N941.4 , N94
科图分类:
主题词: 复杂性理论
电子资源:
ISBN: 978-7-5068-7217-1
000 00965oam2 2200253 450
001 2373226664
005 20231120202040.43
010    @a978-7-5068-7217-1@b精装@dCNY99.00
100    @a20200713d2020 em y0chiy50 ea
101 0  @achi
102    @aCN@b110000
105    @aak z 000yy
200 1  @a复杂性管窥@Afu za xing guan kui@f苗东升著
210    @a北京@c中国书籍出版社@d2020
215    @a330页@c图@d24cm
225 2  @a中国书籍学术之光文库
330    @a《复杂性管窥》接续作者《开来学于今——复杂性科学纵横论》一书的思路,遵循浅学森要对具体的开放复杂巨系统“一个一个摸”的意见,分别对社会、经济、政治、军事、文化、历史、创新研究、灾害学、中医学、《红楼梦》研究中的复杂性作概要的考察,以揭示不同领域复杂性的共性和个性,深化对复杂系统规律性的了解。
461  0 @12001 @a中国书籍学术之光文库
606 0  @a复杂性理论
690    @aN941.4@v5
690    @aN94@v4
701  0 @a苗东升@Amiao dong sheng@4著
801  0 @aCN@b山东中教@c20231119
905    @aBZT@dN94@e8
    
    复杂性管窥/苗东升著.-北京:中国书籍出版社,2020
    330页:图;24cm.-(中国书籍学术之光文库)
    
    
    ISBN 978-7-5068-7217-1(精装):CNY99.00
    《复杂性管窥》接续作者《开来学于今——复杂性科学纵横论》一书的思路,遵循浅学森要对具体的开放复杂巨系统“一个一个摸”的意见,分别对社会、经济、政治、军事、文化、历史、创新研究、灾害学、中医学、《红楼梦》研究中的复杂性作概要的考察,以揭示不同领域复杂性的共性和个性,深化对复杂系统规律性的了解。
●
相关链接 在五车中查询图书 在当当中查询图书 在豆瓣中查询图书


正题名:复杂性管窥     索取号:N94/8         预约/预借

序号 登录号 条形码 馆藏地/架位号 状态 备注
1 2000987538   2000987538   中教第一批/山东中教(第一批)/318/ [索取号:N94/8] 在馆    
2 2000987539   2000987539   中教第一批/山东中教(第一批)/318/ [索取号:N94/8] 在馆    
3 2000987540   2000987540   中教第一批/山东中教(第一批)/318/ [索取号:N94/8] 在馆    
4 2000987541   2000987541   中教第一批/山东中教(第一批)/318/ [索取号:N94/8] 在馆    
5 2000987542   2000987542   中教第一批/山东中教(第一批)/318/ [索取号:N94/8] 在馆    
6 2000987543   2000987543   中教第一批/山东中教(第一批)/318/ [索取号:N94/8] 在馆    
山东省滨州职业学院图书馆 欢迎您!
大连网信软件有限公司© 版权所有